000 00305nam a22001337a 4500
020 _a978-9351-749660
082 _a823
_bSWA/S
100 _aSWARNIM
245 _aTHE SWORDS OF DARKNESS
260 _aDELHI
_bTSOD PUBLISHERS AND DISTRIBUTORS
_c2014
300 _a134
650 _aNOVEL
_zINDIA
942 _cBK
999 _c3971
_d3971